[Event "Bionext Festival 2019"]
[Site "Chihuahua"]
[Date "2019.12.01"]
[Round "7.10"]
[White "Hernandez Jimenez, Alexander Andres"]
[Black "Bencomo, Murga Francisco"]
[Result "1-0"]
[WhiteElo "2135"]
[BlackElo "1865"]
[Annotator "ChessBase"]
[PlyCount "109"]
[EventDate "2019.11.30"]
[EventType "swiss"]
[EventCountry "MEX"]
[SourceTitle "playchess.com"]
[Source "ChessBase"]
[SourceQuality "1"]
[TimeControl "5400+30"]

1. e4 {[%emt 0:00:00]} c5 {[%emt 1:30:30]} 2. Nf3 {[%emt 0:00:00]} Nc6 {[%emt 0:00:05]} 3. d4 {[%emt 0:01:07]} cxd4 {[%emt 0:00:07]} 4. Nxd4 {[%emt 0:00:06]} Nf6 {[%emt 0:00:07]} 5. Nc3 {[%emt 0:00:09]} e6 {[%emt 0:00:03]} 6. Ndb5 {[%emt 0:02:40]} Bb4 {[%emt 0:01:27]} 7. a3 {[%emt 0:01:06]} Bxc3+ {[%emt 0:00:17]} 8. Nxc3 {[%emt 0:00:07]} d5 {[%emt 0:02:37]} 9. exd5 {[%emt 1:29:15]} Nxd5 {[%emt 0:00:39]} 10. Nxd5 {[%emt 0:07:04]} exd5 {[%emt 0:00:08]} 11. Be2 {[%emt 0:03:05]} O-O {[%emt 0:00:37]} 12. O-O {[%emt 0:00:09]} Be6 {[%emt 1:27:48]} 13. Bd3 {[%emt 0:04:53]} Qf6 {[%emt 0:03:04]} 14. Qh5 {[%emt 0:10:15]} h6 {[%emt 0:15:41]} 15. Re1 {[%emt 0:11:24]} Rfe8 {[%emt 1:09:39]} 16. Bd2 {[%emt 0:04:42]} d4 {[%emt 0:06:50]} 17. Re4 {[%emt 0:02:36]} Bd7 {[%emt 0:05:21]} 18. Rae1 {[%emt 0:14:44]} Rxe4 {[%emt 0:06:54]} 19. Rxe4 {[%emt 0:00:09]} Re8 {[%emt 0:00:35]} 20. Qe2 {[%emt 0:06:40]} Re6 {[%emt 0:04:40]} 21. f4 {[%emt 0:03:18]} a6 {[%emt 0:02:29]} 22. Bc4 {[%emt 0:26:37]} Rxe4 {[%emt 0:03:11]} 23. Qxe4 {[%emt 0:00:08]} Qf5 {[%emt 0:01:12]} 24. Bd3 {[%emt 0:03:41]} Qxe4 {[%emt 0:02:11]} 25. Bxe4 {[%emt 0:00:02]} Kf8 {[%emt 0:05:00]} 26. Kf2 {[%emt 0:00:24]} Ke7 {[%emt 0:01:53]} 27. Ke2 {[%emt 0:04:18]} f5 {[%emt 0:03:43]} 28. Bf3 {[%emt 0:01:56]} b6 {[%emt 0:00:28]} 29. Kd3 {[%emt 0:01:39]} a5 {[%emt 0:01:26]} 30. Be1 {[%emt 0:04:00]} Kd6 {[%emt 0:01:18]} 31. Bf2 {[%emt 0:00:05]} g6 {[%emt 0:00:46]} 32. Bxd4 {[%emt 0:00:16]} b5 {[%emt 0:00:24]} 33. Bg7 {[%emt 0:00:21]} h5 {[%emt 0:00:31]} 34. Bf8+ {[%emt 0:01:20]} Ke6 {[%emt 0:00:45]} 35. b4 {[%emt 0:01:38]} a4 {[%emt 0:01:09]} 36. c4 {[%emt 0:00:35]} Na7 {[%emt 0:06:48]} 37. Bg7 {[%emt 0:03:05]} Kd6 {[%emt 0:00:44]} 38. Be5+ {[%emt 0:00:15]} Ke7 {[%emt 0:00:36]} 39. Bb2 {[%emt 0:09:56]} Kd6 {[%emt 0:05:31]} 40. Bd5 {[%emt 0:05:19]} bxc4+ {[%emt 0:02:52]} 41. Bxc4 {[%emt 0:00:30]} Bc6 {[%emt 0:03:39]} 42. Bf7 {[%emt 0:01:00]} Bxg2 {[%emt 0:01:10]} 43. Bxg6 {[%emt 0:01:30]} Bf1+ {[%emt 0:03:13]} 44. Ke3 {[%emt 0:02:00]} Ke6 {[%emt 0:01:44]} 45. Bxh5 {[%emt 0:00:00]} Nb5 {[%emt 0:00:19]} 46. Bd1 {[%emt 0:00:00]} Nd6 {[%emt 0:00:00]} 47. Kd2 {[%emt 0:00:00]} Bb5 {[%emt 0:00:00]} 48. h4 {[%emt 0:00:00]} Ne4+ {[%emt 0:00:00]} 49. Ke3 {[%emt 0:02:30]} Kd5 {[%emt 0:00:06]} 50. h5 {[%emt 0:00:22]} Be8 {[%emt 0:00:18]} 51. h6 {[%emt 0:00:11]} Bg6 {[%emt 0:00:02]} 52. Bxa4 {[%emt 0:00:10]} Kc4 {[%emt 0:00:47]} 53. Be5 {[%emt 0:00:34]} Bh7 {[%emt 0:00:23]} 54. Bc6 {[%emt 0:00:34]} Ng3 {[%emt 0:00:28]} 55. b5 {[%emt 0:00:13]} 1-0

[Event "Bionext Festival 2019"]
[Site "Chihuahua"]
[Date "2019.12.02"]
[Round "7.12"]
[White "Galaviz Cortes, Pavel"]
[Black "Corrales Jimenez, Zenia"]
[Result "0-1"]
[WhiteElo "1863"]
[BlackElo "2219"]
[Annotator "TA"]
[PlyCount "32"]
[EventDate "2019.11.30"]
[EventType "swiss"]
[EventCountry "MEX"]
[SourceTitle "playchess.com"]
[Source "ChessBase"]
[SourceQuality "1"]

{[%evp 17,74,-24,-27,-67,-62,-124,-132,-133,-129,-166,-164,-170,-158,-156,-158,-164,-156,-152,-153,-158,-154,-168,-181,-175,-179,-206,-159,-156,-145,-161,-148,-143,-68,-117,-97,-95,-42,-70,0,-111,-62,-67,-74,-116,-106,-97,-66,-169,-39,-188,-197,-318,-310,-350,-348,-325,-303,-754,-740]} 1. d4 Nf6 2. Nf3 g6 3. c4 Bg7 4. Nc3 d5 5. e3 O-O 6. Be2 c5 7. O-O cxd4 8. exd4 Nc6 9. Re1 Bg4 10. Ne5 {D94: Grünfeld: 4 Nf3 Bg7 5 e3} (10. h3 Bxf3 11. Bxf3 dxc4 12. d5 Nb4 13. Bg5 Nd3 14. Re2 h6 15. Bh4 Rc8 16. Qd2 a6 17. a4 Nc5 {0-1 (74) Khotenashvili,B (2476)-Savina,A (2350) Riadh 2017}) 10... Bxe2 11. Nxc6 (11. Rxe2 $15 dxc4 12. Nxc6 bxc6 13. Qa4) 11... Bxd1 $17 12. Nxd8 {Black is clearly better.} Rfxd8 13. Rxd1 dxc4 14. Bg5 $146 ({Predecessor:} 14. Be3 e6 15. Rac1 Rac8 16. Rd2 a6 17. Kf1 b5 {0-1 (39) Wiecki,J (1897)-Delfs,J (2032) Altenholz 2009}) 14... Rd7 15. Rac1 Rad8 16. Ne2 b5 {Played: Nf6-e4} 0-1